A reply to The absolution of a penitent, according to the directions of the Church of England, &c.

Bibliographic Details
Main Author: Collier, Jeremy, 1650-1726
Format: Microform Book
Language:English
Published: [London] : [publisher not identified], [1696]
Series:Early English books, 1641-1700 ; 486:34.
Subjects:

MARC

Tag First Indicator Second Indicator Subfields
LEADER 00000cam a2200000 a 4500
001 in00000940821
005 20150925150649.0
007 hd afv|||baca
008 850301s1696 miu a 00000 eng d
035 |a (OCoLC)11751759 
035 |9 AES7613AM 
037 |a CL0037000014  |b UMI 
037 |b University Microfilms International, 300 N. Zeeb Rd., Ann Arbor, MI 48106 
040 |a EAA  |c EAA  |d m/c  |d UMI  |d UtOrBLW 
049 |a TXAI 
099 |a film   |a  B   |a  3609 
100 1 |a Collier, Jeremy,  |d 1650-1726. 
245 1 2 |a A reply to The absolution of a penitent, according to the directions of the Church of England, &c. 
264 1 |a [London] :  |b [publisher not identified],  |c [1696] 
300 |a 11 pages 
336 |a text  |b txt  |2 rdacontent 
337 |a microform  |b h  |2 rdamedia 
338 |a microfilm reel  |b hd  |2 rdacarrier 
500 |a Caption title. 
500 |a Dated & signed at end: May the 20th. 1696, J.C. 
500 |a "J.C." identified as Jeremy Collier. Cf. Halkett & Laing (2nd edition). 
500 |a Reproduction of original in Huntington Library. 
510 4 |a Wing  |c C5261 
510 4 |a Halkett & Laing (2nd ed.)  |c V 93 
533 |a Microfilm.  |b Ann Arbor, Mich. :  |c University Microfilms,  |d 1974.  |e 1 reel. 35 mm.  |f (Early English books, 1641-1700; 486:34) 
500 |a Microform. 
630 0 0 |a Absolution of a penitent. 
830 0 |a Early English books, 1641-1700 ;  |v 486:34. 
999 |a MARS 
999 f f |s 63948cc7-3bfd-3681-953c-58c4ecfde9d5  |i 7fbf0acf-f027-36d4-a308-e67c678ef4ad  |t 0 
952 f f |p default  |a Texas A&M University  |b College Station  |c Sterling C. Evans Library  |d Evans: Microforms (3rd floor)  |t 0  |e film B 3609 486:34  |h Other scheme  |i microform -- microfilm reel 
998 f f |a film B 3609 486:34  |t 0  |l Evans: Microforms (3rd floor)